UBT Library

FIFTY KEY THINKERS ON THE ENVIRONMENT (Record no. 59210)

000 -LEADER
fixed length control field 00334nam a22001457a 4500
008 - FIXED-LENGTH DATA ELEMENTS--GENERAL INFORMATION
fixed length control field 221219b ||||| |||| 00| 0 eng d
020 ## - INTERNATIONAL STANDARD BOOK NUMBER
International Standard Book Number 9780415146999
041 ## - LANGUAGE CODE
Language code of text/sound track or separate title eng
080 ## - UNIVERSAL DECIMAL CLASSIFICATION NUMBER
Universal Decimal Classification number 159.9
082 ## - DEWEY DECIMAL CLASSIFICATION NUMBER
Classification number 159.9PAL
100 ## - Rafti
Rafti 25
101 ## - Shkurtesa
Shkurtesa PSI
245 ## - TITLE STATEMENT
Title FIFTY KEY THINKERS ON THE ENVIRONMENT
Statement of responsibility, etc PALMER A J
942 ## - ADDED ENTRY ELEMENTS (KOHA)
Source of classification or shelving scheme
Item type Books
Holdings
Withdrawn status Lost status Source of classification or shelving scheme Damaged status Not for loan Collection code Permanent location Current location Date acquired Total Checkouts Full call number Barcode Date last seen Price effective from Koha item type
          Koleksioni i përgjithshem UBT - Lipjan UBT - Lipjan 12/19/2022   159.9PAL 002-8000287002601202 12/19/2022 12/19/2022 Books
          Koleksioni i përgjithshem UBT - Lipjan UBT - Lipjan 12/19/2022   159.9PAL 002-8000287002601203 12/19/2022 12/19/2022 Books
          Koleksioni i përgjithshem UBT - Lipjan UBT - Lipjan 12/19/2022   159.9PAL 002-8000287002601204 12/19/2022 12/19/2022 Books
          Koleksioni i përgjithshem UBT - Lipjan UBT - Lipjan 12/19/2022   159.9PAL 002-8000287002601206 12/19/2022 12/19/2022 Books
          Koleksioni i përgjithshem UBT - Lipjan UBT - Lipjan 12/19/2022   159.9PAL 002-8000287002601207 12/19/2022 12/19/2022 Books
          Koleksioni i përgjithshem UBT - Lipjan UBT - Lipjan 12/19/2022   159.9PAL 002-8000287002601208 12/19/2022 12/19/2022 Books
UBT Library © 2015-2024. All rights reserved University Education for Business and Technology